01106nam a22002532a 450000100060000000300080000600500170001400800410003103500190007204000270009104100080011808200190012611000710014524501680021626000540038430000200043850001640045850400300062265000400065265000350069270000470072770000300077470000480080433977BD-RjUL20211209052104.0140512s1960 pau b 000 0 eng d a(BD-RjUL)34069 aDLCcCCLdBD-RjULbeng aeng a307bBOT 19602 aUniversity of Pennsylvania.bGraduate School of Arts and Sciences.10aBoth human and humane :bthe humanities and social sciences in graduate education /c[by] John P. Gillin [and others] Edited by Charles E. Boewe and Roy F. Nichols aPhiladelphia :bUniversity of Pennsylvania,c1960 a224 p. ;c22 cm aPapers read at the sessions in 1958 of one of a series of conferences celebrating the 75th Anniversary of the Graduate School of the University of Pennsylvania aBibliographical footnotes 0aSocial sciencesxStudy and teaching 0aHumanitiesxStudy and teaching1 aGillin, John P.q(John Philip),d1907-19731 aBoewe, Charles E.,d1924-1 aNichols, Roy F.q(Roy Franklin),d1896-1973